000 nam a22 7a 4500
999 _c232547
_d232547
003 ASAB
005 20170220162130.0
008 170220b xxu||||| |||| 00| 0 eng d
040 _cASAB
082 _a660.6 WAZ
245 _aBiotechnology laboratory Manual
_cWaza
942 _2ddc
_cBK